Mot mystérieux - Série 05 - Statistiques

Statistiques générales
  • Ce quiz a été pris 72 fois
  • Le résultat moyen est 8 sur 10
Statistiques - réponses
Indices Mot % Correct
Vitesse - Nuit - Sardine - Crânienne Boîte
97%
Publique - Prioritaire - Garage - Lactée Voie
97%
Turc - Mort - Prise - Linotte Tête
95%
Or - Frein - Vinyle - Dur Disque
92%
Main - Maginot - Ecriture - Première Ligne
77%
Médicale - Carte - Heures - Guidée Visite
77%
Douleur - Terme - Provoqué - Prématuré Accouchement
70%
Contrôle - Magie - France - Monde Tour
64%
Etagère - Voile- Repasser - Pain Planche
53%
Sénateur - Fond - Arrière - Vie Train
44%
Aucun quiz correspondant
Distribution des résultats
% des personnes avec chaque résultat
Percentile par nombre de réponses
Votre historique - résultats
Vous n’avez pas pris ce quiz